Datum a čas kvízu

28.5 Celkem bodů Celkový počet nahraných bodů na tomto kvízu bez doplňovacích otázek.
9. Pořadí na kvízu Konečné umístění týmu na tomto kvízu.

Zaznamenané odpovědi

# Otázka Odpověď Body Výsledky
1. Český premiér Andrej Babiš při... o pistoli 1
2. Inzerát místních úřadů na míst... Srí Lanka 1
3. Tři interpreti dostali v úter... Lucie, Barbora Poláková 1
4. Americký prezident Donald Trum... (Tim) Apple 0
5. Vedoucí žena Světového poháru... Špindlerův Mlýn 1
6. V prvních čtyřech otázkách tém... Alois Jirásek, Staré pověsti české 1
7. "Ačkoli nemám rád všechna ta p... Zdeněk Jirotka, Saturnin 1
8. Zde prosíme celé jméno autora... Josef Čapek, Povídání o pejskovi a kočičce 1
9. Zde nejde o první větu, ale je... Vladislav Vančura, Rozmarné léto 0
10. "V jednom kupé druhé třídy ryc... B 1